№ 1; В мире неразрушающего контроля

Bibliographic Details
Parent link:В мире неразрушающего контроля: Ежеквартальное журнальное обозрение/ ЗАО "Свен". № 1.— , 2001-
Language:Russian
Published: 2015
Format: MixedMaterials Book
KOHA link:https://koha.lib.tpu.ru/cgi-bin/koha/opac-detail.pl?biblionumber=544214

MARC

LEADER 00000nam2a2200000 4500
001 544214
005 20231101115412.0
035 |a (RuTPU)RU\TPU\prd\235927 
090 |a 544214 
100 |a 20150507d20019999k y0rusy50 ca 
101 0 |a rus 
102 |a RU 
200 0 |a № 1 
210 |d 2015 
461 1 |0 (RuTPU)RU\TPU\prd\1155  |t В мире неразрушающего контроля  |o Ежеквартальное журнальное обозрение  |f ЗАО "Свен"  |v № 1  |d 2001- 
801 0 |a RU  |b 63413507  |c 20010227  |g PSBO 
801 1 |a RU  |b 63413507  |c 20150507 
801 2 |a RU  |b 63413507  |c 20230330  |g RCR 
942 |c BK 
999 |a НТБ_ТПУ  |b НФ  |e -1/20150112  |p П-9265  |s 6/20141120  |u 0,00  |v 1